Grafické používateľské rozhrania v 3D priestore

Enregistré dans:
Détails bibliographiques
Auteur principal: Čerman, Matúš, 1987- (Auteur)
Autres auteurs: Kapec, Peter, 1980- (Directeur de thèse)
Format: Manuscrit Livre
Langue:slovaque
Publié: Bratislava : STU v Bratislave FIIT, 2010
Sujets:
Accès en ligne:VAIS
Tags: Ajouter un tag
Pas de tags, Soyez le premier à ajouter un tag!

MARC

LEADER 00000ntm a22000003a 4500
001 stu218354
005 20150617230113.2
008 101203s2010----xo------------------slo-d
040 |a STU  |b slo 
041 0 |a slo 
044 |a xo 
100 1 |a Čerman, Matúš,  |d 1987-  |4 aut  |u I  |T FIIT Fakulta informatiky a informačných technológií  |X 29987  |U I  |Y 70  |7 A000029987 
242 0 0 |a Graphic user interface in a 3D environment  |y eng 
245 1 |a Grafické používateľské rozhrania v 3D priestore 
260 |a Bratislava :  |b STU v Bratislave FIIT,  |c 2010 
650 7 |a informatika  |2 stusub 
650 7 |a Informatics  |2 estusub 
650 7 |a interakcia  |2 stusub 
650 7 |a človek  |2 stusub 
650 7 |a interface  |2 estusub 
650 7 |a interaction  |2 estusub 
700 1 |a Kapec, Peter,  |d 1980-  |4 ths  |u I300  |U FIIT Fakulta informatiky a informačných technológií  |T FIIT Ústav aplikovanej informatiky  |X 10235  |U I300  |Y 180  |7 A000010235 
856 4 |a info a plný text  |u http://is.stuba.sk/zp/portal_zp.pl?podrobnosti=46456  |3 VAIS 
996 |c I*BAP30/10  |l II680  |s P  |a 0  |w stu218354_0001